Kazán, perro lobo /

James Oliver Curwood (1878-1927), escritor norteamericano defensor apasionado de la naturaleza en una época en que el ecologismo no estaba de moda. En coherencia con tal vocación, sus historias son cuentos de aventuras que ocurren en tierras inhóspitas y salvajes; su paisaje corresponde, con frecuen...

Popoln opis

Shranjeno v:
Bibliografske podrobnosti
Glavni avtor: Curwood, James Oliver (autor)
Drugi avtorji: Jullian, Andrés (ilustración) (ilustración)
Format: Knjiga
Jezik:španščina
Izdano: Santiago, Chile : Andrés Bello, 2005, c2005
Serija:(A Partir de 11 Años ; 154)
Teme:
Oznake: Označite
Brez oznak, prvi označite!

MARC

LEADER 00000nam^a2200000^a^4500
001 000184867
005 20250521000000.0
009 20260310102130.404
020 |a 956-13-1416-X 
037 |a Acervo ITESO - Biblioteca 
041 |a ESP 
082 |a 808. 899282  |b CUR 
100 |a Curwood, James Oliver  |e (autor) 
245 1 0 |a Kazán, perro lobo /  |c J.O. Curwood ; il. de A. Jullian ; versión de María Rosa Duhart. 
264 4 |a Santiago, Chile :  |b Andrés Bello,  |c 2005, c2005 
300 |a 164 p. 
336 |a texto  |b txt  |2 rdacontenido 
337 |a sin mediación  |b n  |2 rdamedio 
338 |a volumen  |b nc  |2 rdasoporte 
440 1 |a (A Partir de 11 Años ;  |v 154) 
520 |a James Oliver Curwood (1878-1927), escritor norteamericano defensor apasionado de la naturaleza en una época en que el ecologismo no estaba de moda. En coherencia con tal vocación, sus historias son cuentos de aventuras que ocurren en tierras inhóspitas y salvajes; su paisaje corresponde, con frecuencia, al norte de Canadá, zona donde pasó largas temporadas. Fue miembro de la Michigan Conservation Commission. Algunos de sus títulos son: The Courage of Captain Plum (1908), Philip Steele (1911), The Grizzly King (1916), The River's End (1919), Back to God's Country (1920), The Alaskan (1923), The Ancient Highway (1925), The Black Hunter (1926), Green Timber (1930) y Falkner of the Inland Seas (1931), entre otros. Muchas de sus obras han sido llevadas al cine. 
649 |a XX 
650 |a Novela Norteamericana 
650 |a Novela de Aventuras -  |z EUA 
650 |a Literatura Norteamericana -  |y Siglo XX 
650 |a Perros en la Literatura 
650 |a Lobos en la Literatura 
700 |a Jullian, Andrés  |e (ilustración) 
910 |a Fondo General 
920 |a Impresos - Libros 
930 |a Colección General 
940 |a Literatura 
905 |a 101 
901 |a 0500126125  |b IT1  |c LIT  |u 20250521 
902 |a https://opac.biblio.iteso.mx/vufind/Record/000184867